Bayesian Inference (Record no. 80983)

MARC details
000 -LEADER
fixed length control field 02722namaa2200397uu 4500
001 - CONTROL NUMBER
control field doab135146
003 - CONTROL NUMBER IDENTIFIER
control field oapen
005 - DATE AND TIME OF LATEST TRANSACTION
control field 20260218110429.0
006 - FIXED-LENGTH DATA ELEMENTS--ADDITIONAL MATERIAL CHARACTERISTICS
fixed length control field m o d
007 - PHYSICAL DESCRIPTION FIXED FIELD--GENERAL INFORMATION
fixed length control field cr|mn|---annan
008 - FIXED-LENGTH DATA ELEMENTS--GENERAL INFORMATION
fixed length control field 240307s2024 xx |||||o ||| 0|eng d
020 ## - INTERNATIONAL STANDARD BOOK NUMBER
International Standard Book Number 9781837693559
020 ## - INTERNATIONAL STANDARD BOOK NUMBER
International Standard Book Number 9781837693566
020 ## - INTERNATIONAL STANDARD BOOK NUMBER
International Standard Book Number 9781837693573
020 ## - INTERNATIONAL STANDARD BOOK NUMBER
International Standard Book Number intechopen.1000345
024 7# - OTHER STANDARD IDENTIFIER
Standard number or code 10.5772/intechopen.1000345
Source of number or code doi
040 ## - CATALOGING SOURCE
Original cataloging agency oapen
Transcribing agency oapen
Modifying agency
041 0# - LANGUAGE CODE
Language code of text/sound track or separate title eng
042 ## - AUTHENTICATION CODE
Authentication code dc
245 00 - TITLE STATEMENT
Title Bayesian Inference
Remainder of title Recent Trends
260 ## - PUBLICATION, DISTRIBUTION, ETC.
Name of publisher, distributor, etc. IntechOpen
Date of publication, distribution, etc. 2024
300 ## - PHYSICAL DESCRIPTION
Extent 1 online resource (88 p.)
336 ## - CONTENT TYPE
Content type term text
Content type code txt
Source rdacontent
337 ## - MEDIA TYPE
Media type term computer
Media type code c
Source rdamedia
338 ## - CARRIER TYPE
Carrier type term online resource
Carrier type code cr
Source rdacarrier
506 0# - RESTRICTIONS ON ACCESS NOTE
Standardized terminology for access restriction Unrestricted online access
Source of term star
520 ## - SUMMARY, ETC.
Summary, etc. In an era where data is abundant and computational power is soaring, Bayesian Inference - Recent Trends emerges as an essential guide to understanding and applying Bayesian methods in various scientific and technological domains. This book uniquely blends theoretical rigor with practical insights, showcasing the latest advancements and applications of Bayesian inference. • Discover the renaissance of Bayesian inference and its vital role in modern-day statistical analysis and prediction. • Explore the depth of hidden Markov models and their power in inferring hidden states and transitions in stochastic systems. • Dive into the complexity of nested sampling and its effectiveness in parameter estimation, particularly in signal processing. • Examine the precision of naive Bayes algorithms in news classification, a critical task in the digital information age. This book is an invaluable resource for anyone interested in the intersection of statistics, machine learning, and data science. It offers a unique perspective on Bayesian inference, revealing its potential to provide robust solutions in an increasingly data-driven world. Whether you are a seasoned researcher, a budding scientist, or a curious enthusiast, Bayesian Inference - Recent Trends is your gateway to understanding and leveraging the power of Bayesian methods in the ever-evolving landscape of data analysis.
540 ## - TERMS GOVERNING USE AND REPRODUCTION NOTE
Terms governing use and reproduction Creative Commons
-- https://creativecommons.org/licenses/by/3.0/
-- cc
Uniform Resource Identifier <a href="https://creativecommons.org/licenses/by/3.0/">https://creativecommons.org/licenses/by/3.0/</a>
546 ## - LANGUAGE NOTE
Language note English
650 #7 - SUBJECT ADDED ENTRY--TOPICAL TERM
Topical term or geographic name entry element Probability and statistics
Source of heading or term bicssc
720 1# - ADDED ENTRY--UNCONTROLLED NAME
Name Ömür Bucak, İhsan
Relator code edt
720 1# - ADDED ENTRY--UNCONTROLLED NAME
Name Ömür Bucak, İhsan
Relator code oth
793 0# -
-- DOAB Library.
856 ## - ELECTRONIC LOCATION AND ACCESS
Uniform Resource Identifier <a href="https://docs.google.com/spreadsheets/d/1yKIrdCPDAG_9c22mwoOIO2DOhtj65Wqa/edit?usp=sharing&ouid=106555315294820607512&rtpof=true&sd=true ">https://docs.google.com/spreadsheets/d/1yKIrdCPDAG_9c22mwoOIO2DOhtj65Wqa/edit?usp=sharing&ouid=106555315294820607512&rtpof=true&sd=true </a>
Link text List of Curated E-Books
942 ## - ADDED ENTRY ELEMENTS (KOHA)
Koha item type E-Book
Holdings
Withdrawn status Damaged status Not for loan Home library Current library Date acquired Total Checkouts Date last seen Price effective from Koha item type
      Directory of Open Access Books Directory of Open Access Books 12/09/2024   12/09/2024 12/09/2024 E-Book

University of Rizal System
Email us at univlibservices@urs.edu.ph

Visit our Website www.urs.edu.ph/library